La justicia histórica y la política que pica en la historia. (Registro nro. 183806)

Detalles MARC
000 -LEADER
campo de control de longitud fija 00464nam a22001451i 4500
001 - NÚMERO DE CONTROL
campo de control 183806
003 - IDENTIFICADOR DE NÚMERO DE CONTROL
campo de control ES-MaACL
005 - FECHA Y HORA DE LA ÚLTIMA TRANSACCIÓN
campo de control 20230906221956.0
008 - DATOS DE LONGITUD FIJA--INFORMACIÓN GENERAL
campo de control de longitud fija 141017s1889 sp |||| | spa d
245 03 - MENCIÓN DEL TÍTULO
Título La justicia histórica y la política que pica en la historia.
260 ## - PUBLICACIÓN, DISTRIBUCIÓN, ETC.
Lugar de publicación, distribución, etc. Gracia :
Nombre del editor, distribuidor, etc. [s.n.],
Fecha de publicación, distribución, etc. 1889 (
Fabricante Imp. de José Miquel)
300 ## - DESCRIPCIÓN FÍSICA
Extensión 67 p. ;
Dimensiones 21 cm.
650 #4 - PUNTO DE ACCESO ADICIONAL DE MATERIA--TÉRMINO DE MATERIA
Término de materia o nombre geográfico como elemento de entrada Admnistración de justicia-
Subdivisión geográfica España-
Subdivisión cronológica S.XIX.
9 (RLIN) 146887
852 ## - LOCALIZACIÓN
Ubicación ES-MaACL
Número de control de estantería T-546-F-3
Existencias
Estatus retirado Estado de pérdida Estado de daño No para préstamo Colección Biblioteca de origen Biblioteca actual Ubicación en estantería Fecha de adquisición Fuente de adquisición Total de préstamos Signatura topográfica completa Código de barras Visto por última vez Precio de reemplazo Tipo de ítem Koha
        Colección de folletos Biblioteca del Ateneo de Madrid Biblioteca del Ateneo de Madrid Depósito folletos 17/10/2014     T-546-F-3 1193254 23/02/2023 23/02/2023 Folleto